ՀՀ Գիտությունների ազգային ակադեմիայի հիմնարար գիտական գրադարան  =   Fundamental Scientific Library of NAS RA

Этнография Туркменистана : (Record no. 76041)

MARC details
000 -LEADER
fixed length control field 00847cam a2200217 a 4500
001 - CONTROL NUMBER
control field 000216922
003 - CONTROL NUMBER IDENTIFIER
control field AM-YeHGA
005 - DATE AND TIME OF LATEST TRANSACTION
control field 20250617124259.0
008 - FIXED-LENGTH DATA ELEMENTS--GENERAL INFORMATION
fixed length control field 030409s1994 tk a r 000 0 rus|d
040 ## - CATALOGING SOURCE
Original cataloging agency AM-YeHGA
041 0# - LANGUAGE CODE
Language code of text/sound track or separate title rus
090 ## - LOCALLY ASSIGNED LC-TYPE CALL NUMBER (OCLC); LOCAL CALL NUMBER (RLIN)
-- 77275
245 00 - TITLE STATEMENT
Title Этнография Туркменистана :
Remainder of title Сб. ст. /
Statement of responsibility, etc. АН Туркменистана. Ин-т истории им. Ш. Батырова ; Отв. ред.: А. Оразов.
260 ## - PUBLICATION, DISTRIBUTION, ETC.
Place of publication, distribution, etc. Ашхабад :
Name of publisher, distributor, etc. Ылым,
Date of publication, distribution, etc. 1994.
300 ## - PHYSICAL DESCRIPTION
Extent 122 с. :
Other physical details ил.
650 14 - SUBJECT ADDED ENTRY--TOPICAL TERM
Topical term or geographic name entry element Этнография - Туркменистан
700 1# - ADDED ENTRY--PERSONAL NAME
Personal name Оразов, А.
Relator term ред.:
Dates associated with a name edt
710 2# - ADDED ENTRY--CORPORATE NAME
Corporate name or jurisdiction name as entry element Академия наук Туркменистана
710 2# - ADDED ENTRY--CORPORATE NAME
Corporate name or jurisdiction name as entry element Институт истории им. Ш. Батырова АН Туркменистана
942 ## - ADDED ENTRY ELEMENTS (KOHA)
Source of classification or shelving scheme Universal Decimal Classification
Koha item type Գրքեր / Books
Holdings
Withdrawn status Lost status Damaged status Not for loan Collection Home library Current library Date acquired Total checkouts Full call number Barcode Date last seen Uniform resource identifier Price effective from Koha item type Public note
        General Fundamental Scientific Library Fundamental Scientific Library 22/12/2016   РII/643346 120643346 22/12/2016 39(575.4) 22/12/2016 Գրքեր / Books 30 Days Loan


ՀՀ ԳԱԱ հիմնարար գիտական գրադարան
ՀՀ,Երևան 0019
Մարշալ Բաղրամյան 24/6
հեռախոս:(374-10) 52-47-50
Հետադարձ կապ

All site content, except where otherwise noted, is licensed under a
Creative Commons License